=LDR 00000nam 2200000 4500 =001 INLIS000000000018773 =005 20240604071315 =035 ##$$a 0010-061300000018773 =008 240604################g##########0#ind## =041 ##$$a Ind =082 ##$$a 028.5 =090 ##$$a 028.5, Ari a =100 ##$$a Syahid Al-Arif =245 1#$$a Abu Zar Al Giffari /$c Syahid Al-Arif =260 ##$$a Surabaya :$b Halim Jaya,$c 2002 =300 ##$$a 32 hlm : $b Ilus ; $c 28 cm =650 #4$$a BACAAN KANAK-KANAK =850 ##$$a NBPNMAT =084 ##$$a 028.5 SYA a =990 ##$$a 1039477